Guráž je francúzske slovo

Christine Lagarde prebrala vedenie Medzinárodného menového fondu v čase, keď je svetová ekonomika v kríze. Čo čakať od prvej ženy na čele MMF.

Gespeichert in:
Bibliographische Detailangaben
1. Verfasser: Atal, Maha
Format: Buchkapitel
Sprache:Slowakisch
Schlagworte:
Tags: Tag hinzufügen
Keine Tags, Fügen Sie das erste Tag hinzu!

MARC

LEADER 00000naa a2200000 4500
001 0144035
005 20231009104440.2
041 0 |a slo 
044 |a SK 
245 1 0 |a Guráž je francúzske slovo  |c Maha Atal 
520 |a Christine Lagarde prebrala vedenie Medzinárodného menového fondu v čase, keď je svetová ekonomika v kríze. Čo čakať od prvej ženy na čele MMF. 
610 2 0 |a manažéri 
610 2 0 |a ženy 
610 2 0 |a organizácie medzinárodné 
610 2 0 |a vzťahy medzinárodné 
610 2 0 |a politika menová 
610 2 0 |a dlhy štátne 
610 2 0 |a dlhy verejné 
610 2 0 |a kríza hospodárska 
100 1 |a Atal, Maha